Ukształtowanie powierzchni Polski - Zlodowacenia - Statystyki

Ogólne statystyki
  • Ten quiz został rozwiązany 54 razy
  • Średni wynik to 5 z 26
Statystyki odpowiedzi
Hint Odpowiedź % Poprawnych
Inne nazwy na zlodowacenie południowopolskie (podaj tylko drugą część, nie pisz "zlodowacenie...." krakowskie, Sanu
52%
Inne nazwy na zlodowacenie północnopolskie Wisły | Bałtyckie
52%
Wysokość Łysicy w m n.p.m 614
43%
Inna nazwa na zlodowacenie środkowopolskie Odry
43%
Podaj nazwę miejscowości w której jest kopalnia węgla brunatnego, obok której jest najwyższe sztuczne wzniesienie w Polsce Bełchatów
39%
okres ochłodzenia klimatu i zwiększania się zasięgu lądolodu glacjał
35%
Najwyższy szczyt Pasa pojezierzy - nazwa Wieżyca
35%
Nazwa najwyższego szczytu położonego w całości na terytorium Polski Kozi Wierch
30%
Charakterystyczny element krajobrazy Wyżyny Lubelskiej wąwóz lessowy
30%
Ile jest turbin wiatrowych na Górze Kamieńsk 15
26%
Co obejmuje Pas kotlin Kotlina sandomierska | Kotlina oświęcimska
22%
Najwyższe sztuczne wzniesienie w Polsce - nazwa Góra Kamieńska
17%
Najwyższy szczyt Pasa wyżyn - nazwa Łysica
17%
Gdzie występują w Polsce płaskowyże - podaj nazwę pasa rzeźby terenu Pas kotlin
17%
W zachodniej części Polski lądolód podczas zlodowacenia Wisły dotarł do miasta" Zielona Góra
17%
Jaka jest moc każdej turbiny wiatrowej na Górze Kamieńsk 2 MW
13%
Podaj wysokość, która była granicą wiecznego śniegu podczas zlodowacenia północnopolskiego w Karkonoszach 1000
9%
Podaj wysokość, która była granicą wiecznego śniegu podczas zlodowacenia północnopolskiego w Tatrach 1300
9%
Pradolina na Pasie pobrzeży Pradolina Redy-Łeby
9%
Wysokość najwyższego szczytu położonego w całości na terytorium Polski - w metrach 2291
4%
Maksymalna miąższość osadów polodowcowych w Polsce - w metrach 250
4%
Powierzchnia Żuław Wiślanych w km2 450
4%
Jak wysoko lądolód wciskał się w doliny karpackie podczas zlodowacenia południowopolskiego - podaj wysokosć w m. n.p.m. 450
4%
Jak wysoko lądolód wciskał się w kotliny sudeckie podczas zlodowacenia południowopolskiego - podaj wysokosć w m. n.p.m. 600
4%
nazwa na skamieniałą glinę zwałową tillit
4%
Najwyższe sztuczne wzniesienie w Polsce - wysokość n.p.m 386
0%
Nie znaleziono quizów pasujących do podanych kryteriów
Rozkład punktacji
Procent ludzi z każdym wynikiem
Percentyl według liczby udzielonych odpowiedzi
Twoja historia wyników
Nie rozwiązałeś tego quizu